000
00345 a2200157 4500
001
74264
020
_a
857303096-8
040
_c
Anchieta - Colégio São Paulo
100
_a
Mcclanahan, Elaine
240
1
0
_a
A força do futuro
_l
por
245
1
0
_a
A força do futuro
300
_a
158
362
0
_a
1996
650
4
_a
Educação
942
_c
BK
999
_c
74264
_d
74264